000 00312nam a22001217a 4500
999 _c5075
_d5075
008 250520b ||||| |||| 00| 0 eng d
020 _a9781682970270
082 _a530 PAR
100 _aPARKER,STEVE
_eAUTHOR
245 _aFIZZING PHYSICS
260 _a6 ORCHARD,LAKE FOREST,CA 92630
_bQEB PUBLISHING
942 _2ddc